Verbes irréguliers allemand - Statistiques

Statistiques générales
  • Ce quiz a été pris 181 fois
    33 depuis la dernière actualisation
  • Le résultat moyen est 22 sur 60
Statistiques - réponses
Verbe Réponse % Correct
Avoir haben, hatte, hat gehabt
88%
Être sein, war, ist gewesen
88%
Devenir werden, wurde, ist geworden
65%
Tomber fallen, fiel, ist gefallen
59%
Casser brechen, brach, hat gebrochen
53%
Manger essen, aß, hat gegessen
53%
Donner geben, gab, hat gegeben
53%
Voir sehen, sah, hat gesehen
53%
Parler sprechen, sprach, hat gesprochen
53%
Mourir sterben, starb, ist gestorben
53%
Rester bleiben, blieb, ist geblieben
47%
Penser denken, dachte, hat gedacht
47%
Manger (pour un animal) fressen, fraß, hat gefressen
47%
Aller gehen, ging, ist gegangen
47%
Laisser, laisser faire lassen, ließ, hat gelassen
47%
Sembler / Briller scheinen, schien, hat geschienen
47%
Comprendre verstehen, verstand, hat verstanden
47%
Laver waschen, wusch, hat gewaschen
47%
Connaître kennen, kannte, hat gekannt
41%
Courir laufen, lief, ist gelaufen
41%
Prendre nehmen, nahm, hat genommen
41%
Dormir schlafen, schlief, hat geschlafen
41%
Frapper schlagen, schlug, hat geschlagen
41%
Ecrire schreiben, schrieb, hat geschrieben
41%
Oublier vergessen, vergaß, hat vergessen
41%
Apporter bringen, brachte, hat gebracht
35%
Attraper (un être vivant) fangen, fing, hat gefangen
35%
Survenir, se passer geschehen, geschah, ist geschehen
35%
Gagner gewinnen, gewann, hat gewonnen
35%
Tenir halten, hielt, hat gehalten
35%
Aider helfen, half, hat geholfen
35%
Charger laden, lud, hat geladen
35%
Crier schreien, schrie, hat geschrien
35%
Être debout, être posé/e (verticalement) stehen, stand, hat gestanden
35%
Porter tragen, trug, hat getragen
35%
Rencontrer treffen, traf, hat getroffen
35%
Grandir, pousser wachsen, wuchs, ist gewachsen
35%
Trouver finden, fand, hat gefunden
29%
Prêter leihen, lieh, hat geliehen
29%
Chanter singen, sang, hat gesungen
29%
Ordonner befehlen, befahl, hat befohlen
24%
Commencer beginnen, begann, hat begonnen
24%
Mordre beißen, biss, hat gebissen
24%
Attacher binden, band, hat gebunden
24%
Prier, demander bitten, bat, hat gebeten
24%
S'appeler heißen, hieß, hat geheißen
24%
Nommer nennen, nannte, hat genannt
24%
Conseiller / Deviner raten, riet, hat geraten
24%
Nager schwimmen, schwamm, ist geschwommen
24%
Être assis/e sitzen, saß, hat gesessen
24%
Sauter springen, sprang, ist gesprungen
24%
Jeter werfen, warf, hat geworfen
24%
Réussir gelingen, gelang, ist gelungen
18%
Attraper (un objet) greifen, griff, hat gegriffen
18%
Être couché/e, être posé/e (horizontalement) liegen, lag, hat gelegen
18%
Se taire schweigen, schwieg, hat geschwiegen
18%
Voler, dérober stehlen, stahl, hat gestohlen
18%
Monter steigen, stieg, ist gestiegen
18%
Aller (en roulant) / Conduire fahren, fuhr, ist, hat gefahren
12%
(Se) Disputer streiten (sich), stritt (sich), hat (sich) gestritten
6%
Aucun quiz correspondant
Distribution des résultats
% des personnes avec chaque résultat
Percentile par nombre de réponses
Votre historique - résultats
Vous n’avez pas pris ce quiz depuis la dernière actualisation